| 000 | 01432nas1a22002771i 4500 | ||
|---|---|---|---|
| 001 | v19\rc\1231292 | ||
| 005 | 20260407130154.0 | ||
| 035 | _a(NLR Aleph) 005187987 | ||
| 090 |
_a5183708 _c5183708 |
||
| 100 | _a20060306c18811916u||y0rusy50 ca | ||
| 101 | 0 | _arus | |
| 102 | _aRU | ||
| 105 | _ay z ||||| | ||
| 200 | 1 |
_aПравославный Палестинский сборник _fизд. Императ. Православ. Палест. о-ва |
|
| 210 |
_aС.-Петербург _cПравославное Палестинское общество _d1881-1916 _gТипография В. Киршбаума |
||
| 300 | _aЗагл. вып. 1 (63) (1954) - 30 (93) (1990): Палестинский сборник | ||
| 517 | 1 |
_aПалестинский сборник _zrus |
|
| 711 | 0 | 2 |
_4650 _aИмператорское православное Палестинское общество _cПетербург _3RU\NLR\AUTH\889974456 _9445811 |
| 801 | 0 |
_aRU _bNLR _gpsbo |
|
| 801 | 1 |
_aRU _bProSoft-M _2rusmarc |
|
| 801 | 2 |
_aRU _bNLR _c20060320 _2rusmarc |
|
| 830 |
_aПолный перечень имеющихся в библиотеке томов, номеров, годов этого издания смотри в каталоге периодических изданий _aВ книжном фонде имеется: |
||
| 852 |
_aNLR _j18.311.1.9 |
||
| 852 |
_aNLR _j132/3733 |
||
| 852 |
_aNLR _j+Шифры разные |
||
| 942 | _cSE | ||